000 00577ntaaa2200205 4500
003 01
005 20251027201858.0
008 0714s1973 ag 01
020 _a8470572245
040 _aAR-BaBN
_bspa
_cAR-BaBN
_eaacr
_dRIC
082 _a230.2090 K95v
100 _aKüng, Hans
_992
245 _aVeinte tesis sobre ser cristiano
250 _a2 ed.
260 _aMadrid :
_bEd. Cristiandad,
_c1977
300 _a96 p. ;
_c18 cm.
500 _aIncluye: 16 tesis sobre el puesto de la mujer en la iglesia y la sociedad
650 _aTeología Católica
_96125
942 _cBK
999 _c13476
_d13476